Statistiques concernant Culture Générale - Série 723

Cliquez ici pour prendre le quiz!

Statistiques générales

  • Ce quiz a été pris 123 fois
  • Le résultat moyen est 6 sur 10

Statistiques - réponses

QuestionRéponse% Correct
A quel groupe de rock doit-on "We Are The Champions" ?Queen
86%
Quel adjectif qualifie le vinaigre, élaboré à partir de moût de raisin cuit, traditionnellement fabriqué dans la région de Modène ?balsamique
84%
De quel instrument de musique, Vladimir Horowitz était-il un virtuose ?piano
82%
Selon les paroles de la chanson "Le Pouvoir des fleurs", avec des bouquets de quelle fleur Laurent Voulzy veut-il changer les choses ?roses
80%
Complétez le titre du film réalisé en 1969 par Sam Peckinpah "La horde ...sauvage
59%
Comment appelait-on les prêtresses romaines, chargées du culte de la déesse Vesta ?Vestales
50%
Dans quel département est située la station de sports d'hiver d'Isola 2000 ?Alpes-Maritimes
39%
Complétez le titre du roman d'Alfred de Musset "La confession d'un enfant ...du siècle
32%
Le pétrolier américain qui s'est échoué au large de l'Alaska, en 1989, s'appelait Exxon...Valdez
29%
En 1992, quel chanteur et guitariste britannique interprète : "Runaway Train" en duo avec Elton John ?Eric Clapton
23%

Distribution des résultats

Percentile par nombre de réponses

% des personnes avec chaque résultat

Votre développement - résultats

Vous n’avez pas pris ce quiz